000 00955nam0a22002651 4500
001 v19\rc\1948334
005 20080428175312.7
035 _a(NLR Aleph) 005033536
090 _a6716749
_c6716749
100 _a20080428d1913 |||y0rusy50 ca
101 0 _arus
_ayid
102 _aRU
105 _ay z |||||
200 1 _aБар-мицво
_eСодержит обряды и все необходимое для акта евр. религ. совершеннолетия
_fСост. А.С. Изгур
210 _aКиев
_cКн. маг. "Сифрия"
_d1913
_eБердичев
215 _a8, 27 с.
300 _aПаг. встречная
300 _aПарал. тит. л. на евр. яз.; текст парал. на рус. и евр. яз.
700 1 _aИзгур
_bА. С.
_4220
801 0 _aRU
_bNLR
_gpsbo
801 0 _aRU
_bRuMoRGB
_2psbo
801 1 _aRU
_bProSoft-M
_2rusmarc
852 _aNLR
_j37.53.4.354
942 _cBOOK
980 _aNB